000 00368nam a2200145Ia 4500
008 230917s9999||||xx |||||||||||||| ||und||
040 _e160340
_aMAIN
041 _aEnglish
082 _a642.4 M294F
100 _aMalhotra, R K
245 0 _aFood service and catering management
260 _aNew Delhi
_bAnmol Publications
_c2002
300 _a432 p.
942 _cBK
999 _c137711
_d137711